Les 10 pays les plus peuplés du monde. - Statistiques

Statistiques générales
  • Ce quiz a été pris 663 fois
  • Le résultat moyen est 7 sur 10
Statistiques - réponses
RANG PAYS POPULATION % Correct
1 Chine 1 393 724 852
98%
2 Inde 1 353 264 388
93%
9 Russie 146 666 931
87%
3 Etats-Unis 322 248 000
85%
6 Brésil 210 000 000
81%
10 Japon 126 817 244
74%
7 Pakistan 162 419 946
56%
4 Indonésie 241 973 879
54%
5 Nigéria 214 028 302
51%
8 Bangladesh 162 221 000
42%
Aucun quiz correspondant
Distribution des résultats
% des personnes avec chaque résultat
Percentile par nombre de réponses
Votre historique - résultats
Vous n’avez pas pris ce quiz